| 000 | 00733nam a2200181 i 4500 | ||
|---|---|---|---|
| 001 | 73960 | ||
| 003 | ES-MaACL | ||
| 005 | 20230906171954.0 | ||
| 007 | t| | ||
| 008 | 040914s1972 sp ||||1| spa d | ||
| 100 | 1 |
_aGonzález Barberán, Vicente. _958445 |
|
| 245 | 1 | 3 |
_aEl polo de desarrollo de Granada a los tres años de su declaración _b: balance y comentarios : informe leído el 30 de junio de 1972 / _cpor Vicente González Barberán. |
| 260 |
_aGranada : _bConsejo Económico Sindical Provincial de Granada, _c1972. |
||
| 300 |
_a56 p. : _bil. ; _c24 cm. |
||
| 650 | 4 |
_aDesarrollo industrial- _zGranada. _9164540 |
|
| 710 | 2 |
_aConsejo Económico Sindical Provincial (Granada) _9164557 |
|
| 852 |
_aES-MaACL _jC-45011 _bR.83743 |
||
| 999 |
_c73960 _d73960 |
||